|
|
|
|
| LEADER |
02939nam a2200697 i 4500 |
| 001 |
nkc20193081514 |
| 003 |
CZ PrNK |
| 005 |
20241015133745.0 |
| 007 |
ta |
| 008 |
190308s2019 xr a e f 000 0 cze |
| 015 |
|
|
|a cnb003081514
|
| 020 |
|
|
|a 978-80-262-1435-9
|q (brožováno)
|
| 035 |
|
|
|a (OCoLC)1104146327
|
| 040 |
|
|
|a ABA001
|b cze
|d BOA001
|e rda
|
| 041 |
1 |
|
|a cze
|h eng
|
| 072 |
|
7 |
|a 376
|x Výchova a vzdělávání zvláštních skupin osob
|2 Konspekt
|9 22
|
| 080 |
|
|
|a 376
|2 MRF
|
| 080 |
|
|
|a 316.344.6-056.36-053.2
|2 MRF
|
| 080 |
|
|
|a 616.89-008.45
|2 MRF
|
| 080 |
|
|
|a 616.89-008.447
|2 MRF
|
| 080 |
|
|
|a 159.942
|2 MRF
|
| 080 |
|
|
|a [615.851:165.194]:364-785.62
|2 MRF
|
| 080 |
|
|
|a 613.86
|2 MRF
|
| 080 |
|
|
|a (035)
|2 MRF
|
| 100 |
1 |
|
|a Scarpa, Angela,
|d 1966-
|7 xx0234930
|4 aut
|
| 240 |
1 |
0 |
|a Exploring feelings for young children with high-functioning autism or Asperger’s disorder.
|l Česky
|
| 245 |
1 |
0 |
|a Dítě s autismem a emoce :
|b program pro práci s dětmi /
|c Angela Scarpa, Anthony Wells, Tony Attwood ; z anglického originálu Exploring feelings for young children with high-functioning autism or Asperger’s disorder přeložila Petra Diestlerová
|
| 250 |
|
|
|a Vydání první
|
| 264 |
|
1 |
|a Praha :
|b Portál,
|c 2019
|
| 300 |
|
|
|a 159 stran :
|b ilustrace ;
|c 21 cm
|
| 336 |
|
|
|a text
|b txt
|2 rdacontent
|
| 337 |
|
|
|a bez média
|b n
|2 rdamedia
|
| 338 |
|
|
|a svazek
|b nc
|2 rdacarrier
|
| 504 |
|
|
|a Obsahuje bibliografii
|
| 650 |
0 |
7 |
|a speciální pedagogika
|7 ph116230
|2 czenas
|
| 650 |
0 |
7 |
|a děti s autismem
|7 ph114095
|2 czenas
|
| 650 |
0 |
7 |
|a Aspergerův syndrom
|7 ph317194
|2 czenas
|
| 650 |
0 |
7 |
|a poruchy chování
|7 ph124386
|2 czenas
|
| 650 |
0 |
7 |
|a emoce
|7 ph114465
|2 czenas
|
| 650 |
0 |
7 |
|a kognitivně-behaviorální terapie
|7 ph121694
|2 czenas
|
| 650 |
0 |
7 |
|a zvládání stresu
|7 ph135858
|2 czenas
|
| 650 |
0 |
9 |
|a special education
|2 eczenas
|
| 650 |
0 |
9 |
|a children with autism
|2 eczenas
|
| 650 |
0 |
9 |
|a Asperger's syndrome
|2 eczenas
|
| 650 |
0 |
9 |
|a behavioral disorders
|2 eczenas
|
| 650 |
0 |
9 |
|a emotions
|2 eczenas
|
| 650 |
0 |
9 |
|a cognitive-behavioral therapy
|2 eczenas
|
| 650 |
0 |
9 |
|a stress management
|2 eczenas
|
| 655 |
|
7 |
|a příručky
|7 fd133209
|2 czenas
|
| 655 |
|
9 |
|a handbooks and manuals
|2 eczenas
|
| 700 |
1 |
|
|a Wells, Anthony
|7 xx0234931
|4 aut
|
| 700 |
1 |
|
|a Attwood, Tony,
|d 1952-
|7 mzk2005318142
|4 aut
|
| 700 |
1 |
|
|a Diestlerová, Petra,
|d 1972-
|7 jn20001103809
|4 trl
|
| 910 |
2 |
|
|a BOA001
|b 2-1428.441
|
| 990 |
|
|
|a BK
|
| 995 |
|
|
|a 01
|
| 991 |
|
|
|b 201905
|c NOV
|
| 996 |
6 |
|
|b 2610780281
|c 2-1428.441
|l MZK
|r Sklad / do 1 hodiny
|n 3
|p p.v.
|w 001721063
|u 000010
|a 1
|e BOA001
|j MZK50
|s P
|
| 996 |
7 |
|
|b 2610783222
|c 2-1428.441
|l Vol.výběr
|r VV 0p
|n 18
|p kup
|h 376 SCA
|w 001721063
|u 000020
|a 0
|e BOA001
|j MZK50
|s A
|
| 996 |
7 |
|
|b 2610783223
|c 2-1428.441
|l Vol.výběr
|r VV 0p
|n 20
|p kup
|h 376 SCA
|w 001721063
|u 000030
|a 0
|e BOA001
|j MZK50
|s A
|
| 996 |
7 |
|
|b 2610982807
|c 2-1428.441
|l Vol.výběr
|r VV 0p
|n 7
|p kup
|h 376 SCA
|w 001721063
|u 000040
|a 0
|e BOA001
|j MZK50
|s A
|